Loading...
Oru Sapam
| Main Author: | |
|---|---|
| Format: | Printed Book |
| Language: | Malayalam |
| Published: |
Kamalalaya
Kamalalaya
|
| LEADER | 00426nam a2200121Ia 4500 | ||
|---|---|---|---|
| 008 | 111205s9999 xx 000 0 mal d | ||
| 100 | |a Brahmadathan Namboothirippadu | ||
| 245 | |a Oru Sapam |c Brahmadathan Namboothirippadu | ||
| 260 | |b Kamalalaya |a Kamalalaya |c 0 | ||
| 300 | |a 26 | ||
| 942 | |c BK | ||
| 999 | |c 210255 |d 210255 | ||
| 952 | |0 0 |1 0 |4 0 |6 S_5R3 |7 0 |9 232534 |a MAL |b MAL |c SEC |d 2011-12-05 |g 0.00 |l 0 |o S5R3 |p MAL9540 |r 2015-04-13 |v 0.00 |w 2015-04-13 |y BK |k 1.00 | ||